| 000 | 00825nam a2200241 a 4500 | ||
|---|---|---|---|
| 001 | 17427 | ||
| 003 | BD-RjUL | ||
| 005 | 20211209000134.0 | ||
| 008 | 140217s1951 enk 000 0 eng d | ||
| 035 | _a(BD-RjUL)17485 | ||
| 040 |
_aBD-RjUL _beng _cBD-RjUL _dBD-RjUL |
||
| 041 | _aeng | ||
| 082 |
_a 791.4301 _bCHP 1951 |
||
| 100 | 1 |
_aChesterman, William Deryck. _953695 |
|
| 245 | 1 | 4 |
_aThe photographic study of rapid events / _cby W. Deryck Chesterman |
| 260 |
_aOxford : _bOxford University Press, _c1951 |
||
| 300 |
_a167 p. : _bill. ; |
||
| 490 | 1 | _aMonographs on the physics and chemistry of materials | |
| 650 | 0 |
_aCinematography _xScientific applications _953696 |
|
| 650 | 0 |
_aPhotography _xScientific applications _927591 |
|
| 830 | 0 |
_aMonographs on the physics and chemistry of materials _953698 |
|
| 942 |
_2ddc _cBK |
||
| 999 |
_c17427 _d17427 |
||